000 00406nam a2200157Ia 4500
008 180921t2003 xxu||||| |||| 00| 0 eng d
041 _aeng
080 _a591.5
_bWET
245 _aWetland conservation in Sri lanka
260 _bIUCN Sri lanka
_c2003
300 _a75p., ill., 9 cm
650 _aBiodiversity
_aMuthurajawela
942 _cBK
999 _c15681
_d15681
003 LK-CoDNM
040 _aLK-CoDNM
_dLK-CoDNM
_eLK-CoDNM